[Event "Athens Iraklion op 19th"]
[Site "Athens"]
[Date "2016.06.22"]
[Round "5"]
[White "Katopodis, Dimitrios"]
[Black "Anairousis, Panagiotis"]
[Result "1/2-1/2"]
[WhiteElo "2090"]
[BlackElo "1959"]
[PlyCount "97"]
[EventDate "2016.06.18"]
[EventType "swiss"]
[EventRounds "9"]
[EventCountry "GRE"]
[SourceTitle "CBM 173 Extra"]
[Source "ChessBase"]
[SourceDate "2016.08.29"]
[SourceVersion "1"]
[SourceVersionDate "2016.08.29"]
[SourceQuality "1"]

1. d4 d5 2. Nf3 Bf5 3. c4 c6 4. cxd5 Bxb1 5. Rxb1 Qxd5 6. a3 Nd7 7. e3 g5 8. Qc2 g4 9. Bc4 Qh5 10. Ng1 e6 11. Ne2 Bd6 12. Nc3 Ngf6 13. Be2 Qg6 14. Bd3 Qh5 15. Ne2 c5 16. dxc5 Qxc5 17. Qxc5 Nxc5 18. Bb5+ Ke7 19. b4 Ncd7 20. Bb2 Be5 21. Nd4 a6 22. Be2 h5 23. 0-0 Ne4 24. Rfd1 Rhc8 25. Rbc1 f5 26. f3 Nef6 27. f4 Bxd4 28. Bxd4 Nd5 29. Bc4 N7b6 30. Bb3 Rxc1 31. Rxc1 Rc8 32. Rc5 Rxc5 33. Bxc5+ Kd7 34. Kf2 h4 35. Bxb6 Nxb6 36. e4 Nc8 37. exf5 exf5 38. Ke3 Kd6 39. Bc2 Ne7 40. Kd4 b5 41. Bd3 Nc6+ 42. Kc3 Ne7 43. Kd2 Ke6 44. Bc2 Kd6 45. Kd3 Nd5 46. Kd4 Ne7 47. Bd3 Nc6+ 48. Ke3 Ne7 49. Kd4 1/2-1/2

[Event "Athens Iraklion op 19th"]
[Site "Athens"]
[Date "2016.06.18"]
[Round "1"]
[White "Anairousis, Panagiotis"]
[Black "Stathopoulos, Ioannis"]
[Result "0-1"]
[WhiteElo "1959"]
[BlackElo "2306"]
[PlyCount "70"]
[EventDate "2016.06.18"]
[EventType "swiss"]
[EventRounds "9"]
[EventCountry "GRE"]
[SourceTitle "CBM 173 Extra"]
[Source "ChessBase"]
[SourceDate "2016.08.29"]
[SourceVersion "1"]
[SourceVersionDate "2016.08.29"]
[SourceQuality "1"]

1. d4 Nf6 2. Bf4 g6 3. e3 Bg7 4. Nf3 0-0 5. h3 d6 6. Nbd2 Nbd7 7. c3 Qe8 8. Nc4 b6 9. Be2 Bb7 10. 0-0 Nd5 11. Bh2 f5 12. Re1 e5 13. Nfd2 e4 14. a4 a6 15. Qb3 N7f6 16. f4 Bc8 17. Bg3 Be6 18. Bf2 Bh6 19. Nf1 Qf7 20. Qa2 Rab8 21. b3 Nxc3 22. Qc2 Nfd5 23. Ng3 Nxe2+ 24. Nxe2 Nb4 25. Qb1 Nd3 26. Qc2 Nxe1 27. Bxe1 Bg7 28. Rc1 Bxc4 29. bxc4 c5 30. d5 b5 31. Rd1 bxc4 32. Qxc4 Qb7 33. Rc1 Qb3 34. Qxa6 Qxe3+ 35. Bf2 Qd3 0-1

[Event "Athens ChessSquare New Year op"]
[Site "Athens"]
[Date "2016.01.07"]
[Round "7"]
[White "Papahristoudis, Anastasios"]
[Black "Anairousis, Panagiotis"]
[Result "0-1"]
[WhiteElo "2091"]
[BlackElo "1895"]
[PlyCount "74"]
[EventDate "2016.01.07"]
[EventType "swiss"]
[EventRounds "7"]
[EventCountry "GRE"]
[SourceTitle "EXT 2024"]
[Source "ChessBase"]
[SourceDate "2023.10.10"]
[SourceVersion "1"]
[SourceVersionDate "2023.10.10"]
[SourceQuality "1"]

1. d4 d5 2. Nf3 Bf5 3. c4 c6 4. e3 e6 5. Nc3 Nf6 6. Qb3 Qb6 7. c5 Qc7 8. Nh4 b6 9. cxb6 axb6 10. Nxf5 exf5 11. g3 h5 12. h4 Bd6 13. Bd2 Ng4 14. Ne2 0-0 15. Bg2 Nd7 16. 0-0 Rfc8 17. Rac1 Qa7 18. a3 Ngf6 19. Nf4 Bxf4 20. exf4 g6 21. Rfd1 Qa4 22. Qxa4 Rxa4 23. Bb4 Raa8 24. Bd6 Ne8 25. Be7 Ndf6 26. Rc3 Ra7 27. Bxf6 Nxf6 28. Rdc1 Rac7 29. b4 b5 30. Kf1 Kf8 31. a4 bxa4 32. b5 a3 33. bxc6 a2 34. Ke2 Rxc6 35. Rxc6 Rxc6 36. Ra1 Rc2+ 37. Ke1 Rb2 0-1

[Event "Ambelokipi op 153th"]
[Site "Athens"]
[Date "2015.05.27"]
[Round "4"]
[White "Mitsis, Georgios"]
[Black "Anairousis, Panagiotis"]
[Result "1/2-1/2"]
[WhiteElo "1982"]
[BlackElo "1863"]
[PlyCount "93"]
[EventDate "2015.05.06"]
[EventType "swiss"]
[EventRounds "7"]
[EventCountry "GRE"]
[SourceTitle "EXT 2024"]
[Source "ChessBase"]
[SourceDate "2023.10.10"]
[SourceVersion "1"]
[SourceVersionDate "2023.10.10"]
[SourceQuality "1"]

1. d4 f6 2. c4 g6 3. Nc3 Nh6 4. e4 d6 5. h4 Bg7 6. h5 Nf7 7. Be3 c6 8. Qd2 e5 9. 0-0-0 Qe7 10. Nge2 f5 11. exf5 gxf5 12. f4 e4 13. g4 fxg4 14. Ng3 Na6 15. Re1 Bd7 16. Ncxe4 0-0-0 17. Bd3 c5 18. Bb1 Bc6 19. Bf2 Qf8 20. Rhg1 d5 21. Nxc5 Nxc5 22. dxc5 dxc4 23. Qb4 Ne5 24. Nf5 Nd3+ 25. Bxd3 cxd3 26. Nd6+ Kb8 27. Re6 a5 28. Qxa5 Qxf4+ 29. Be3 Qh2 30. Qd2 g3 31. Nf7 Kc8 32. Nxd8 Rxd8 33. Re7 Bh6 34. Rxg3 Qxg3 35. Bxh6 Qg1+ 36. Re1 Qxc5+ 37. Kb1 Qxh5 38. Bf4 Re8 39. Rxe8+ Qxe8 40. Qa5 Qf7 41. Qe5 Bd5 42. Qb8+ Kd7 43. Qc7+ Ke6 44. Qd6+ Kf5 45. Qe5+ Kg4 46. Qg5+ Kf3 47. Qg3+ 1/2-1/2

[Event "Athens Kaisariani op 1st"]
[Site "Athens"]
[Date "2013.12.27"]
[Round "6"]
[White "Papadimitriou, Loukas"]
[Black "Anairousis, Panagiotis"]
[Result "1-0"]
[WhiteElo "2096"]
[BlackElo "1973"]
[PlyCount "103"]
[EventDate "2013.12.21"]
[EventType "swiss"]
[EventRounds "9"]
[EventCountry "GRE"]
[SourceTitle "EXT 2015"]
[Source "ChessBase"]
[SourceDate "2014.11.20"]
[SourceVersion "1"]
[SourceVersionDate "2014.11.20"]
[SourceQuality "1"]

1. d4 f6 2. e4 g6 3. Bc4 Nh6 4. Be3 Nf7 5. Nc3 c6 6. Bb3 d6 7. f4 Bg7 8. Nf3 Nd7 9. 0-0 Nf8 10. Qe2 Be6 11. d5 Bd7 12. a4 c5 13. Bf2 Bg4 14. Bg3 Nd7 15. h3 Bxf3 16. Rxf3 g5 17. a5 gxf4 18. Bxf4 0-0 19. Nd1 Kh8 20. Ne3 Ng5 21. Rff1 Ne5 22. Bxe5 fxe5 23. Qg4 Bf6 24. h4 Nf7 25. Qh5 b5 26. axb6 Qxb6 27. Nc4 Qb5 28. Ra5 Qb4 29. Kh2 Rg8 30. Ra4 Qb5 31. Rxf6 exf6 32. Qxf7 Raf8 33. Qe7 a6 34. Ra1 Qb8 35. Nxd6 Rg7 36. Qe6 c4 37. Nxc4 Qa7 38. Rf1 Qd4 39. Qf5 a5 40. c3 Qa7 41. d6 a4 42. Bd1 Qc5 43. Be2 Qc6 44. Rd1 Rfg8 45. d7 Rxg2+ 46. Kh1 Rxe2 47. d8Q Re1+ 48. Kh2 Rxd8 49. Rxd8+ Kg7 50. Rd7+ Kf8 51. Qxh7 Re2+ 52. Kh3 1-0

[Event "Petroupoli ASOP Dias op"]
[Site "Petroupoli"]
[Date "2013.01.23"]
[Round "1.1"]
[White "Nikolaou, Georgios"]
[Black "Anairousis, Panagiotis"]
[Result "1-0"]
[WhiteElo "2291"]
[BlackElo "1935"]
[PlyCount "93"]
[EventDate "2013.01.23"]
[EventType "swiss"]
[EventRounds "7"]
[EventCountry "GRE"]
[SourceTitle "EXT 2024"]
[Source "ChessBase"]
[SourceDate "2023.10.10"]
[SourceVersion "1"]
[SourceVersionDate "2023.10.10"]
[SourceQuality "1"]

1. Nf3 d6 2. d4 Nd7 3. c4 e5 4. Nc3 g6 5. g3 Bg7 6. Bg2 Nh6 7. e4 f6 8. 0-0 Nb6 9. b3 Be6 10. Ba3 Nd7 11. Qd2 c5 12. dxc5 dxc5 13. Qd6 Qe7 14. Nb5 Kf7 15. Rad1 Rhd8 16. Rd2 a6 17. Nc7 Rac8 18. Nxe6 Qxe6 19. Qxe6+ Kxe6 20. Bh3+ f5 21. Ng5+ Ke7 22. Rfd1 b6 23. Nxh7 Nb8 24. Bc1 Rh8 25. Ng5 Bf6 26. Rd6 Rc6 27. R6d5 Ng4 28. f3 Nh6 29. Bg2 Rcc8 30. h4 Rcd8 31. Rxd8 Rxd8 32. Rxd8 Kxd8 33. Ne6+ Ke7 34. Nc7 Ng8 35. Nd5+ Kd6 36. exf5 gxf5 37. Bh3 f4 38. gxf4 Nc6 39. fxe5+ Bxe5 40. Nxb6 Nd4 41. Kg2 Ne2 42. Bg5 Bf4 43. Nd5 Bxg5 44. hxg5 Nc1 45. f4 Nxa2 46. f5 Ke5 47. f6 1-0

[Event "Athens Smaok-ch"]
[Site "Greece"]
[Date "2012.10.07"]
[Round "4.4"]
[White "Anairousis, Panagiotis"]
[Black "Fragiadaki, Irini"]
[Result "1-0"]
[WhiteElo "1956"]
[BlackElo "1488"]
[PlyCount "63"]
[EventDate "2012.09.16"]
[EventType "swiss"]
[EventRounds "7"]
[EventCountry "GRE"]
[SourceTitle "EXT 2024"]
[Source "ChessBase"]
[SourceDate "2023.10.10"]
[SourceVersion "1"]
[SourceVersionDate "2023.10.10"]
[SourceQuality "1"]

1. Nc3 Nf6 2. e4 e6 3. e5 Nd5 4. Nxd5 exd5 5. f4 Nc6 6. d4 d6 7. Nf3 Be7 8. c3 Bf5 9. Bb5 0-0 10. 0-0 h5 11. h3 h4 12. Bd3 Qd7 13. Qc2 Bxd3 14. Qxd3 f6 15. exd6 Bxd6 16. Nxh4 Rae8 17. f5 Re4 18. Ng6 Rfe8 19. Qf3 Ne7 20. Bd2 Qb5 21. Rae1 Nxg6 22. fxg6 Qxb2 23. Bc1 Qxa2 24. Qh5 Kf8 25. Qh8+ Ke7 26. Rxe4+ dxe4 27. Qxg7+ Kd8 28. Qxf6+ Kc8 29. g7 a5 30. Qg6 Qg8 31. Bf4 Ba3 32. Qf5+ 1-0

[Event "Athens op 03-A"]
[Site "Athens"]
[Date "2012.03.27"]
[Round "4"]
[White "Petraki, Maria"]
[Black "Anairousis, Panagiotis"]
[Result "1/2-1/2"]
[WhiteElo "2048"]
[BlackElo "1933"]
[PlyCount "46"]
[EventDate "2012.03.06"]
[EventType "swiss"]
[EventRounds "7"]
[EventCountry "GRE"]
[SourceTitle "EXT 2014"]
[Source "ChessBase"]
[SourceDate "2013.11.20"]
[SourceVersion "1"]
[SourceVersionDate "2013.11.20"]
[SourceQuality "1"]

1. e4 Nh6 2. Nc3 f6 3. f4 d6 4. Nf3 g6 5. Be2 Bg7 6. 0-0 0-0 7. Qe1 Nc6 8. Qh4 Bg4 9. f5 Bxf3 10. Bxf3 g5 11. Qf2 Nb4 12. d4 c5 13. dxc5 dxc5 14. a3 Nc6 15. Rd1 Qe8 16. Nd5 Rc8 17. Qxc5 Kh8 18. c3 e6 19. fxe6 Qxe6 20. Qe3 Ng4 21. Qe2 Nge5 22. h3 Nxf3+ 23. Qxf3 f5 1/2-1/2

[Event "Athens op 03-A"]
[Site "Athens"]
[Date "2012.03.06"]
[Round "1"]
[White "Anairousis, Panagiotis"]
[Black "Papahristoudis, Anastasios"]
[Result "0-1"]
[WhiteElo "1933"]
[BlackElo "2105"]
[PlyCount "38"]
[EventDate "2012.03.06"]
[EventType "swiss"]
[EventRounds "7"]
[EventCountry "GRE"]
[SourceTitle "EXT 2014"]
[Source "ChessBase"]
[SourceDate "2013.11.20"]
[SourceVersion "1"]
[SourceVersionDate "2013.11.20"]
[SourceQuality "1"]

1. e4 Nf6 2. Nc3 e5 3. g3 d5 4. Bg2 d4 5. Nb1 d3 6. Nf3 Nc6 7. 0-0 Bg4 8. c3 Qd7 9. Qa4 Be7 10. b4 Bxf3 11. Bxf3 0-0 12. b5 Nd8 13. Qb3 Ne6 14. Re1 Ng5 15. Bg2 Bc5 16. Ba3 Nh3+ 17. Kf1 Bxf2 18. Bxf8 Bxe1 19. Be7 Qg4 0-1

[Event "Petroupoli op"]
[Site "Petroupoli"]
[Date "2012.01.14"]
[Round "1"]
[White "Anairousis, Panagiotis"]
[Black "Foutouhos, Spyridon"]
[Result "1-0"]
[WhiteElo "1954"]
[BlackElo "1432"]
[PlyCount "107"]
[EventDate "2012.01.14"]
[EventType "swiss"]
[EventRounds "7"]
[EventCountry "GRE"]
[SourceTitle "EXT 2013"]
[Source "ChessBase"]
[SourceDate "2012.11.22"]
[SourceVersion "1"]
[SourceVersionDate "2012.11.22"]
[SourceQuality "1"]

1. e4 e5 2. Nc3 Nf6 3. g3 c6 4. Bg2 d5 5. Nge2 d4 6. Nb1 Bg4 7. d3 Bd6 8. h3 Bxe2 9. Qxe2 Nbd7 10. 0-0 Qc7 11. Nd2 b5 12. a4 a6 13. c3 0-0 14. cxd4 exd4 15. f4 Bc5 16. b3 Bb6 17. Bb2 Rac8 18. Rfc1 Qa7 19. Kh2 Rfe8 20. Qf2 Nc5 21. Bf1 bxa4 22. bxa4 Nfxe4 23. dxe4 Nxe4 24. Nxe4 Rxe4 25. Bg2 d3 26. Qf3 Re2 27. Rxc6 Rxc6 28. Qxc6 Qc7 29. Qxc7 Bxc7 30. Rc1 Rxb2 31. Rxc7 Kf8 32. Rd7 d2 33. g4 Ke8 34. Rd3 Ke7 35. Rd4 h6 36. Kg3 g5 37. f5 Kf6 38. Bf3 Ke5 39. Rd5+ Kf6 40. Bd1 Ke7 41. Kf2 Ra2 42. Ke2 Ra3 43. Rd3 Rxd3 44. Kxd3 Kf6 45. Kd4 a5 46. Kd5 h5 47. Kd6 hxg4 48. hxg4 Kg7 49. Ke7 Kg8 50. Kf6 Kf8 51. Bb3 Kg8 52. Bxf7+ Kh7 53. Bb3 Kh6 54. Bd1 1-0

[Event "Athens op 01-A"]
[Site "Athens"]
[Date "2012.01.10"]
[Round "1"]
[White "Anairousis, Panagiotis"]
[Black "Ignatiadis, Konstantinos"]
[Result "1-0"]
[WhiteElo "1954"]
[BlackElo "2172"]
[PlyCount "113"]
[EventDate "2012.01.10"]
[EventType "swiss"]
[EventRounds "7"]
[EventCountry "GRE"]
[SourceTitle "EXT 2014"]
[Source "ChessBase"]
[SourceDate "2013.11.20"]
[SourceVersion "1"]
[SourceVersionDate "2013.11.20"]
[SourceQuality "1"]

1. e4 d5 2. Nc3 d4 3. Nce2 e5 4. d3 Bd6 5. f4 Bg4 6. f5 Bb4+ 7. Kf2 c5 8. c4 dxc3 9. bxc3 Bxe2 10. Nxe2 Ba5 11. Be3 Bb6 12. Qa4+ Nc6 13. Rd1 Nf6 14. h3 0-0 15. g4 c4 16. Qxc4 Rc8 17. Qb3 Bxe3+ 18. Kxe3 Na5 19. Qb1 a6 20. Bg2 b5 21. Kf3 Nc6 22. Kg3 b4 23. cxb4 Nd4 24. Bf3 Nxe2+ 25. Bxe2 Qd4 26. Rc1 Qe3+ 27. Bf3 h5 28. Kg2 Qd2+ 29. Kg3 Qf4+ 30. Kg2 h4 31. Kf2 Nh7 32. Ke2 Ng5 33. Bg2 Qg3 34. Rhg1 Nxh3 35. Bxh3 Qxh3 36. Rc5 Qh2+ 37. Kf1 Qf4+ 38. Ke2 Rxc5 39. bxc5 Rc8 40. Qf1 Qxf1+ 41. Rxf1 Rxc5 42. Rh1 g5 43. fxg6 fxg6 44. Rxh4 Rc2+ 45. Ke3 Rxa2 46. Rh1 a5 47. Rb1 Kf7 48. g5 a4 49. Rb5 a3 50. Rxe5 Ra1 51. Ra5 a2 52. Kd4 Ke6 53. Ra6+ Kd7 54. Ke5 Kc7 55. d4 Kb7 56. Ra3 Kb6 57. d5 1-0

[Event "Petroupoli op 6th"]
[Site "Petroupoli"]
[Date "2011.10.26"]
[Round "4"]
[White "Rigopoulos Tsigkos, Alexandros"]
[Black "Anairousis, Panagiotis"]
[Result "1-0"]
[WhiteElo "2066"]
[BlackElo "1992"]
[PlyCount "79"]
[EventDate "2011.10.15"]
[EventType "swiss"]
[EventRounds "7"]
[EventCountry "GRE"]
[SourceTitle "EXT 2013"]
[Source "ChessBase"]
[SourceDate "2012.11.22"]
[SourceVersion "1"]
[SourceVersionDate "2012.11.22"]
[SourceQuality "1"]

1. e4 e5 2. d4 Nc6 3. Nf3 exd4 4. Nxd4 Qf6 5. Nb5 Bc5 6. Qe2 Nd4 7. Nxc7+ Kd8 8. Qc4 b6 9. Nd5 Qg6 10. Be3 Ba6 11. Qxa6 Nxc2+ 12. Kd1 Nxa1 13. Bxc5 bxc5 14. Qa5+ Ke8 15. Nc7+ Ke7 16. Qxc5+ Qd6+ 17. Qxd6+ Kxd6 18. Nxa8 Nf6 19. Nc3 Ng4 20. Kc1 Nxf2 21. Rg1 Rxa8 22. Be2 Rc8 23. Kb1 Ke5 24. Kxa1 Nxe4 25. Nxe4 Kxe4 26. Bf3+ Ke5 27. Rd1 d6 28. b4 f5 29. Kb2 Rc4 30. Kb3 Rc7 31. a4 g5 32. b5 g4 33. Bc6 h5 34. a5 h4 35. a6 f4 36. Bb7 Rc5 37. Rd5+ Rxd5 38. Bxd5 f3 39. Bxf3 h3 40. b6 1-0

[Event "Athens Smaok op"]
[Site "Athens"]
[Date "2010.10.14"]
[Round "3.2"]
[White "Anairousis, Panagiotis"]
[Black "Kokolias, Konstantinos"]
[Result "1-0"]
[WhiteElo "2036"]
[BlackElo "2213"]
[PlyCount "27"]
[EventDate "2010.09.30"]
[EventType "swiss"]
[EventRounds "7"]
[EventCountry "GRE"]
[SourceTitle "EXT 2024"]
[Source "ChessBase"]
[SourceDate "2023.10.10"]
[SourceVersion "1"]
[SourceVersionDate "2023.10.10"]
[SourceQuality "1"]

1. e4 e5 2. Nc3 Nf6 3. f4 d5 4. fxe5 Nxe4 5. d3 Nxc3 6. bxc3 Nc6 7. Nf3 d4 8. cxd4 Nxd4 9. c3 Nxf3+ 10. Qxf3 c5 11. d4 cxd4 12. Bb5+ Bd7 13. 0-0 Qe7 14. Bg5 1-0